Numerical Methods and Algorithms / (Record no. 1155)
[ view plain ]
| 000 -LEADER | |
|---|---|
| Fixed length control field | 00462nam a2200169 4500 |
| 003 - CONTROL NUMBER IDENTIFIER | |
| Control field | SEACOMMC |
| 005 - DATE AND TIME OF LATEST TRANSACTION | |
| Control field | 20250509131903.0 |
| 008 - FIXED-LENGTH DATA ELEMENTS--GENERAL INFORMATION | |
| Fixed length control field | 250327b |||||||| |||| 00| 0 eng d |
| 020 ## - INTERNATIONAL STANDARD BOOK NUMBER / ISBN | |
| International Standard Book Number | 978-81-272-5091-1 |
| Price | Rs.95.00 |
| 040 ## - CATALOGING SOURCE | |
| Original cataloging agency | SEACOMMC |
| 082 ## - DEWEY DECIMAL CLASSIFICATION NUMBER | |
| Classification number | 519.4 |
| Book Number | N 147 |
| 100 ## - MAIN ENTRY--PERSONAL NAME | |
| Personal name | Nag, N.K |
| 245 1# - TITLE STATEMENT | |
| Title | Numerical Methods and Algorithms / |
| Statement of responsibility | N.K.Nag [and] A.Sikdar |
| 260 ## - IMPRINT | |
| Place of publication | Kolkata |
| Name of publisher | Kalyani publishers |
| Date of publication | c2009 |
| 650 ## - SUBJECT ADDED ENTRY--TOPICAL TERM | |
| Topical term | Mathematics |
| 942 ## - ADDED ENTRY ELEMENTS (KOHA) | |
| Koha item type | Books |
| Withdrawn status | Lost status | Source of classification | Damaged status | Not for loan | Home library | Current library | Shelving location | Date acquired | Total Checkouts | Call number | Accession number | Date last seen | Price effective from | Koha item type | Copy number |
|---|---|---|---|---|---|---|---|---|---|---|---|---|---|---|---|
| Dewey Decimal Classification | SEACOM MANAGEMENT COLLEGE | SEACOM MANAGEMENT COLLEGE | Reference | 11/02/2010 | 519.4 N 147 | M-2717 | 27/03/2025 | 27/03/2025 | Reference Books | ||||||
| Dewey Decimal Classification | SEACOM MANAGEMENT COLLEGE | SEACOM MANAGEMENT COLLEGE | 11/02/2010 | 519.4 N 147 | M-2718 | 27/03/2025 | 27/03/2025 | Books | 1 | ||||||
| Dewey Decimal Classification | SEACOM MANAGEMENT COLLEGE | SEACOM MANAGEMENT COLLEGE | 11/02/2010 | 519.4 N 147 | M-2719 | 27/03/2025 | 27/03/2025 | Books | 2 | ||||||
| Dewey Decimal Classification | SEACOM MANAGEMENT COLLEGE | SEACOM MANAGEMENT COLLEGE | 11/02/2010 | 519.4 N 147 | M-2720 | 27/03/2025 | 27/03/2025 | Books | 3 | ||||||
| Dewey Decimal Classification | SEACOM MANAGEMENT COLLEGE | SEACOM MANAGEMENT COLLEGE | 11/02/2010 | 519.4 N 147 | M-2721 | 27/03/2025 | 27/03/2025 | Books | 4 | ||||||
| Dewey Decimal Classification | SEACOM MANAGEMENT COLLEGE | SEACOM MANAGEMENT COLLEGE | 11/02/2010 | 519.4 N 147 | M-2722 | 27/03/2025 | 27/03/2025 | Books | 5 |
